000
00280nam a2200109Ia 4500
008
190907s9999||||xx |||||||||||||| ||und||
100
_a
Conor Sexton
245
0
_a
Beyond The Mainframe A Guide To Open Computer Systems
260
_a
UK
_b
Elsevier
_c
1995
300
_a
305
942
_c
BK
999
_c
6473
_d
6473